000 00781nam a2200193 i 4500
001 70261
003 ES-MaACL
005 20230906170753.0
007 t|
008 040721s1958 sp f |||| | spa d
100 1 _aGarcía-Ramos y Amberes Miguelez, Eduardo.
_955160
245 1 0 _aGeografía médica del término municipal de El Rosario /
_cEduardo García-Ramos y Amberes Miguelez.
260 _aSanta Cruz de Tenerife :
_b[s.n.,
_c1958] (
_fJ. Régulo Gutenberg)
300 _a30 p., 5 lám. ;
_c22 cm.
500 _aPrecede al tít.: Instituto de Fisiología y Patología Regionales de Tenerife.
650 4 _aSalud pública-
_zSanta Cruz de Tenerife.
_9166439
710 2 _aInstituto de Fisiología y Patología Regionales de Tenerife.
_94737
852 _aES-MaACL
_j2016-F-14
999 _c70261
_d70261